04136nab a2200361 i 4500003000900000005001700009008004100026040001800067072001400085072000800099100003900107100003100146100002900177100003000206100004500236100004300281100002800324100003700352245010900389500006800498520132000566520147901886650001303365650001803378650001503396650001703411650001903428650002403447773019003471856008603661942000803747999001903755BR-BrBNA20260422114801.0260422b2020 bl.qr|pooa||| 00| 0 eng | aBR-BrBNAbeng aF60b0820 aH50 aRibeiro, João Everthon da Silva  aSousa, Leonardo Vieira de  aSilva, Toshik Iarley da  aNóbrega, Jackson Silva  aFigueiredo, Francisco Romário Andrade  aBruno, Riselane de Lucena Alcântara  aDias, Thiago Jardelino  aAlbuquerque, Manoel Bandeira de  aCitrullus lanatus morphophysiological responses to the combination of salicylic acid and salinity stress a Publicação online; 38 ref.; 6 illus.; Summaries (En, Pt) a ABSTRACT: The salinity of irrigation water is one of modern agriculture’s major obstacles, as it can damage the plants metabolism and, consequently, its development. Currently there is a great demand for substances that may mitigate such effects, such as salicylic acid. Thus, this study aimed to evaluate the effects of salicylic acid application on watermelon plants (Citrullus lanatusL.) under salinity stress. The experimental design was a randomized block design, in an incomplete factorial scheme, with four replications and two plants per replicate. The treatments resulted from the combination of five concentrations of salicylic acid (0.00, 0.15, 0.50, 0.85 and 1.00 mM) and five electrical conductivities of the irrigation water (0.50, 1.01, 2.25, 3.49 and 4.00 dS m-1). The development, gas exchange, chlorophyll index and fluorescence were evaluated 30 days after transplanting. This data was submitted to analysis of variance and then confidence bands (confbands) and Pearson correlation were produced. The application of salicylic acid (up to 0.85 mM) promotes beneficial effects for the watermelon plants morphophysiology, while the increase in electrical conductivity of the irrigation water is harmful. Key words: development; gas exchanges; photosynthesis; salinity; watermelon a RESUMO: A salinidade da água de irrigação é um dos grandes entraves da agricultura moderna, podendo causar danos ao metabolismo e, consequentemente, ao desenvolvimento das plantas. Atualmente há uma grande demanda por substâncias que possam atenuar tais efeitos, dentre elas destaca-se o ácido salicílico. Com isso, objetivou-se avaliar os efeitos da aplicação de ácido salicílico na cultura da melancia (Citrullus lanatus L.) sob estresse salino. O delineamento experimental foi em blocos casualizados, em esquema fatorial incompleto, com quatro repetições e duas plantas por repetição. Os tratamentos resultaram da combinação de cinco concentrações de ácido salicílico (0,00; 0,15; 0,50; 0,85 e 1,00 mM) e cinco condutividades elétricas da água de irrigação (0,50; 1,01; 2,25; 3,49 e 4,00 dS m-1). Aos 30 dias após transplantio foram avaliados o desenvolvimento, trocas gasosas, índices e fluorescências de clorofila. Os dados foram submetidos a análise de variância e em seguida foram produzidas bandas de confiança (confbands) e correlação de Pearson. A aplicação de ácido salicílico (até 0,85 mM) apresenta efeitos benéficos para a morfofisiologia da melancia, enquanto o aumento da condutividade elétrica da água de irrigação pode apresentar efeitos deletérios. Palavras-chave: desenvolvimento; trocas gasosas; fotossíntese; salinidade; melancia aMELANCIA aIRRIGAÇÃO aSALINIDADE aTROCA GASOSA aFOTOSSÍNTESE aFISIOLOGIA VEGETAL0 046569361674dRecife-PE Universidade Federal Rural de Pernambuco 2006o2026-1686tRevista Brasileira de Ciências Agrárias (Brazil)x1981-1160gv. 15(1) p. 1-13; (2020)wBR2026000153 uhttp://www.agraria.pro.br/ojs32/index.php/RBCA/article/view/v15i1a6638/v15i1a6638 cANA c341491d341491